| 000 | 00946nam a2200217 i 4500 | ||
|---|---|---|---|
| 001 | 124990 | ||
| 003 | ES-MaACL | ||
| 005 | 20230906192530.0 | ||
| 007 | t| | ||
| 008 | 070425s1927 sp ||||1| spa d | ||
| 100 | 1 |
_aMaluquer y Salvador, José. _975885 |
|
| 245 | 1 | 0 |
_aAspectos actuariales del seguro / _cpor J. Maluquer y Salvador. |
| 260 |
_aMadrid : _b[s.n.], _c1927 ( _fSuc. de M. Minuesa de los Ríos) |
||
| 300 |
_a18 p. ; _c21 cm. |
||
| 490 | 1 |
_aPublicaciones del Instituto Nacional de Previsión ; _v183 |
|
| 500 | _aSin portada. | ||
| 505 | 8 | _aContiene: Orientaciones de los Congresos Internacionales.- Significación del de Londres.- Evolución del Comité de Bruselas.- Colaboración española en cada aspecto.- La Asociación Actuarial Matemática de España y su adecuado desarrollo | |
| 830 | 0 |
_aPublicaciones del Instituto Nacional de Previsión ; _v183 _9181151 |
|
| 852 |
_aES-MaACL _jC-12624(10) |
||
| 999 |
_c124990 _d124990 |
||